Pays du monde contenant trois A - Statistiques

Statistiques générales
  • Ce quiz a été pris 391 fois
  • Le résultat moyen est 8 sur 13
Statistiques - réponses
Pays % Correct
Canada
84%
Afghanistan
74%
Panama
74%
Kazakhstan
67%
Madagascar
67%
Arabie Saoudite
66%
Azerbaidjan
61%
Antigua-et-Barbuda
60%
Nicaragua
59%
Guatemala
58%
Bahamas
56%
Paraguay
43%
Émirats Arabes Unis
42%
Aucun quiz correspondant
Distribution des résultats
% des personnes avec chaque résultat
Percentile par nombre de réponses
Votre historique - résultats
Vous n’avez pas pris ce quiz